Countries with the most rainforest - Statistics

General Stats
  • This quiz has been taken 169 times
  • The average score is 14 of 20
Answer Stats
Sq. Km Country % Correct
5.327.997 Brazil
100%
651.872 Peru
89%
495.798 Colombia
86%
1.049.412 Indonesia
86%
494.849 Venezuela
86%
1.351.493 D.R. Congo
85%
608.810 India
84%
530.454 Bolivia
81%
386.275 Mexico
77%
834.154 Australia
74%
315.166 Argentina
71%
233.620 Paraguay
69%
305.879 Papua New Guinea
65%
697.263 Angola
61%
387.944 Tanzania
59%
340.605 Myanmar
56%
238.478 Cameroon
55%
312.327 Zambia
53%
305.879 Mozambique
48%
616.007 Sudan
26%
No matching quizzes found
Score Distribution
Percent of People with Each Score
Percentile by Number Answered
Your Score History
You have not taken this quiz